Stations du RER C sur une carte - Statistiques

Statistiques générales
  • Ce quiz a été pris 1 281 fois
  • Le résultat moyen est 39 sur 75
Réponses sur la Carte
Les réponses sont colorées sur une échelle allant du rouge au vert en fonction du pourcentage des utilisateurs qui les ont devinées à leur premier essai. Vous pouvez retrouver ces pourcentages ci-dessous.
 
Statistiques - réponses
Station % Correct
Saint-Michel - Notre-Dame
88%
Bibliothèque François-Mitterrand
86%
Saint-Michel-sur-Orge
84%
Paris-Austerlitz
83%
Versailles - Chantiers
83%
Versailles - Château-Rive-Gauche
83%
Juvisy
80%
Invalides
79%
Massy - Palaiseau
75%
Massy - Verrières
75%
Ivry-sur-Seine
73%
Champ de Mars - Tour Eiffel
72%
Musée d'Orsay
72%
Pontoise
72%
Dourdan - La Forêt
71%
Dourdan
70%
Étampes
68%
Pont de l'Alma
66%
Vitry-sur-Seine
66%
Brétigny
65%
Épinay-sur-Orge
65%
Épinay-sur-Seine
65%
Choisy-le-Roi
64%
Issy - Val de Seine
62%
Javel
62%
Saint-Martin-d'Étampes
62%
Saint-Quentin-en-Yvelines
62%
Issy
61%
Saint-Ouen
60%
Savigny-sur-Orge
58%
Les Ardoines
54%
Athis-Mons
53%
Neuilly - Porte Maillot
52%
Pont du Garigliano
52%
Chaville - Vélizy
51%
Meudon - Val-Fleury
51%
Sainte-Geneviève-des-Bois
51%
Pont de Rungis - Aéroport d'Orly
50%
Pereire - Levallois
48%
Ermont - Eaubonne
47%
Gennevilliers
47%
Porte de Clichy
47%
Saint-Cyr
47%
Ablon
46%
Montigny - Beauchamp
46%
Boulainvilliers
44%
Viroflay-Rive-Gauche
44%
Arpajon
43%
Villeneuve-le-Roi
43%
Rungis - La Fraternelle
42%
Avenue Foch
41%
Avenue du Président Kennedy
40%
Porchefontaine
40%
Saint-Ouen-l'Aumône-Liesse
40%
Orly - Ville
39%
Saint-Ouen-l'Aumône
39%
Avenue Henri-Martin
38%
Les Grésillons
37%
Étréchy
36%
La Norville - Saint-Germain-lès-Arpajon
36%
Franconville - Le Plessis-Bouchard
34%
Marolles-en-Hurepoix
34%
Saint-Gratien
34%
Les Saules
33%
Chemin d'Antony
32%
Égly
32%
Lardy
32%
Breuillet - Bruyères-le-Châtel
31%
Cernay
30%
Chamarande
30%
Bouray
29%
Pierrelaye
28%
Breuillet-Village
23%
Saint-Chéron
23%
Sermaise
23%
Aucun quiz correspondant
Distribution des résultats
% des personnes avec chaque résultat
Percentile par nombre de réponses
Votre historique - résultats
Vous n’avez pas pris ce quiz